UFC : Top 10 hommes poids lourds - Statistiques

Statistiques générales
  • Ce quiz a été pris 168 fois
  • Le résultat moyen est 6 sur 10
Statistiques - réponses
Classement Pays Âge Combattants % Correct
1 France 35 Cyril Gane
100%
Champion Royaume-Uni 32 Tom Aspinall
91%
2 Russie 37 Alexander Volkov
73%
8 Etats-Unis 40 Derrick Lewis
63%
3 Russie 33 Sergei Pavlovich
63%
7 Moldavie 30 Serghei Spivac
58%
5 Brésil 34 Jailton Almeida
52%
6 République Dominicaine 34 Waldo Cortes-Acosta
49%
4 Etats-Unis 34 Curtis Blaydes
38%
9 Pologne 40 Marcin Tybura
27%
Aucun quiz correspondant
Distribution des résultats
% des personnes avec chaque résultat
Percentile par nombre de réponses
Votre historique - résultats
Vous n’avez pas pris ce quiz